[Event "FRA-ch op-B"]
[Site "Nancy"]
[Date "2013.08.16"]
[Round "5"]
[White "Marimoutou, Loic"]
[Black "Hentzen, Fabrice"]
[Result "1-0"]
[WhiteElo "1960"]
[BlackElo "1893"]
[PlyCount "91"]
[EventDate "2013.08.11"]
[EventType "swiss"]
[EventRounds "11"]
[EventCountry "FRA"]
[SourceTitle "CBM 156 Extra"]
[Source "ChessBase"]
[SourceDate "2013.10.22"]
[SourceVersion "1"]
[SourceVersionDate "2013.10.22"]
[SourceQuality "1"]

1. e4 d6 2. d4 Nf6 3. Nc3 c6 4. Nf3 Bg4 5. h3 Bh5 6. Be2 e6 7. 0-0 d5 8. Bg5 Be7 9. e5 Nfd7 10. Bxe7 Qxe7 11. Nh2 Bxe2 12. Nxe2 c5 13. f4 g6 14. c3 Nc6 15. Nf3 c4 16. Qe1 b5 17. a3 a5 18. g4 a4 19. Qh4 Qxh4 20. Nxh4 h5 21. Nf3 hxg4 22. hxg4 Ne7 23. Kg2 Kf8 24. Rh1 Kg7 25. Ng5 Rag8 26. Ng3 Rxh1 27. Rxh1 Kf8 28. Kf3 Nb8 29. Nh7+ Kg7 30. Nf6 Rh8 31. Rxh8 Kxh8 32. Ne8 Kg8 33. Nc7 Nd7 34. Nxb5 Nc8 35. Nc7 Kf8 36. f5 Ke7 37. Kf4 Nf8 38. Kg5 gxf5 39. gxf5 Nb6 40. Nb5 Nc8 41. Nh5 Nd7 42. Nf4 Nf8 43. Nc7 Kd7 44. Na6 Ke7 45. Nc5 Nb6 46. fxe6 1-0

[Event "Charleroi op 3rd"]
[Site "Charleroi"]
[Date "2004.08.01"]
[Round "2"]
[White "Vanderwaeren, Serge"]
[Black "Hentzen, Fabrice"]
[Result "1-0"]
[WhiteElo "2263"]
[BlackElo "1970"]
[PlyCount "124"]
[EventDate "2004.07.03"]
[EventType "swiss"]
[EventRounds "9"]
[EventCountry "BEL"]
[SourceTitle "CBM 101 Extra"]
[Source "ChessBase"]
[SourceDate "2004.09.01"]
[SourceVersion "2"]
[SourceVersionDate "2004.09.01"]
[SourceQuality "1"]

1. Nf3 d6 2. d4 Bg4 3. Qd3 c6 4. c4 Nd7 5. Nbd2 Ngf6 6. g3 Qc7 7. Bg2 e6 8. 0-0 Be7 9. b3 0-0 10. Ba3 c5 11. e4 Rfd8 12. d5 e5 13. h3 Bxf3 14. Bxf3 a5 15. Bb2 a4 16. Be2 Ne8 17. Kh2 axb3 18. axb3 Rxa1 19. Rxa1 Bf6 20. Nb1 Nb8 21. Nc3 Na6 22. Nb5 Qe7 23. Bc3 Nec7 24. Qb1 g6 25. Kg2 Bg7 26. Ra4 Rf8 27. Bd3 Qd7 28. Nxc7 Qxc7 29. Qc2 Qd7 30. Ra1 h6 31. h4 f6 32. h5 f5 33. hxg6 f4 34. Be2 Qe7 35. Bg4 Qg5 36. Be6+ Kh8 37. Bf5 Rf6 38. Rh1 Rxg6 39. Bxg6 Qxg6 40. Rh3 Qg4 41. f3 Qg6 42. g4 Bf6 43. Qa2 Bg5 44. Qa4 Qf7 45. b4 cxb4 46. Bxb4 Qc7 47. Qb5 Nxb4 48. Qxb4 b5 49. Qxb5 Qa7 50. Qb2 Kg7 51. Rh1 Bd8 52. Re1 Qe7 53. Kf1 Qh4 54. Qf2 Qh3+ 55. Qg2 Qh4 56. Rb1 Ba5 57. Ke2 Qe7 58. Kd3 Qa7 59. Qg1 Qc7 60. Rb5 Kf6 61. c5 Qa7 62. Qa1 dxc5 1-0